| 000 | 00596cab a2200217 4500 | ||
|---|---|---|---|
| 001 | ABS38736 | ||
| 008 | 090401t1988 xxu||||| |||| 00| 0 eng d | ||
| 035 | _a(Sirsi) u12198 | ||
| 041 | _aeng | ||
| 100 | _aHill, A. | ||
| 245 | _aRetail moves in with industrial | ||
| 260 | _c1988 | ||
| 350 | _a0 | ||
| 490 |
_aEstates Times _v(927) 15 January 1988, 15(1) |
||
| 520 | _aA short article which looks at the retail development of industrial sites and buildings | ||
| 650 | _aFORECASTS | ||
| 690 | _aPROPERTY LAW AND PRACTICE | ||
| 700 | _aDrummond, S. | ||
| 942 | _n0 | ||
| 948 | _c04/03/1997 | ||
| 999 |
_c7806 _d7806 |
||